Banana (Record no. 39105)

MARC details
000 -LEADER
fixed length control field 00273nam a2200121Ia 4500
082 ## - DEWEY DECIMAL CLASSIFICATION NUMBER
Classification number 634.773
Item number MAD
100 ## - MAIN ENTRY--AUTHOR NAME
Personal name MADHAVA RAO, V N
245 #0 - TITLE STATEMENT
Title Banana
260 ## - PUBLICATION, DISTRIBUTION, ETC. (IMPRINT)
Place of publication New Delhi
Name of publisher ICAR
Year of publication 1984
650 ## - SUBJECT ADDED ENTRY--TOPICAL TERM
Topical Term Banana
942 ## - ADDED ENTRY ELEMENTS (KOHA)
Koha item type Books
Holdings
Withdrawn status Lost status Damaged status Not for loan Home library Current library Date acquired Full call number Accession Number Koha item type
        RRII Library RRII Library 16/12/2021 634.773 MAD 19450 Books